Statistiques concernant Pokémon par Habitat- Mers

Cliquez ici pour prendre le quiz!

Statistiques générales

  • Ce quiz a été pris 23 fois
  • Le résultat moyen est 34 sur 40

Statistiques - réponses

PagesPokémon% Correct
Page 10Carvanha
100%
Crustabri
100%
Page 5Kokiyas
100%
Octillery
100%
Rémoraid
100%
Sharpedo
100%
Wailmer
100%
Wailord
100%
Démanta
89%
Kaimorse
89%
Lamantine
89%
Lanturn
89%
Page 4Loupio
89%
Lovdisc
89%
Page 9Obalie
89%
Page 8Otaria
89%
Phogleur
89%
Page 12Relicanth
89%
Rosabyss
89%
Serpang
89%
Page 3Stari
89%
Staross
89%
Page 1Tentacool
89%
Tentacruel
89%
Amonistar
78%
Page 14Amonita
78%
Page 6Coquiperl
78%
Corayon
78%
Hypocéan
78%
Hyporoi
78%
Page 11Hypotrempe
78%
Kabuto
78%
Kabutops
78%
Page 13Lokhlass
78%
Page 7Qwilfish
78%
Page 16Kyogre
67%
Bekipan
56%
Page 2Goélise
56%
Page 15Lilia
56%
Vacilys
56%

Distribution des résultats

Percentile par nombre de réponses

% des personnes avec chaque résultat

Votre développement - résultats

Vous n’avez pas pris ce quiz